Emerging methods in environmental design and planning : (Record no. 20167)
[ view plain ]
| 000 -CABECERA | |
|---|---|
| campo de control de longitud fija | 01012nam a2200265 4500 |
| 003 - IDENTIFICADOR DEL NÚMERO DE CONTROL | |
| campo de control | OSt |
| 005 - FECHA Y HORA DE LA ÚLTIMA TRANSACCIÓN | |
| campo de control | 20260601171003.0 |
| 008 - DATOS DE LONGITUD FIJA--INFORMACIÓN GENERAL | |
| campo de control de longitud fija | 260418b1970\\\\maua||||\||||\00|\0\eng\d |
| 040 ## - FUENTE DE LA CATALOGACIÓN | |
| Centro catalogador/agencia de origen | ICI |
| Lengua de catalogación | spa |
| Centro/agencia transcriptor | ICI |
| 041 ## - CÓDIGO DE LENGUA | |
| Código de lengua del texto/banda sonora o título independiente | eng |
| 050 ## - SIGNATURA TOPOGRÁFICA DE LA BIBLIOTECA DEL CONGRESO | |
| Número de clasificación | TA170 |
| Número de documento/Ítem | D46 1968 |
| 100 #1 - ENTRADA PRINCIPAL--NOMBRE DE PERSONA | |
| Nombre de persona | Gary T. Moore |
| 9 (RLIN) | 31789 |
| 111 ## - ENTRADA PRINCIPAL--NOMBRE DE CONGRESO/REUNIÓN | |
| Nombre de congreso/reunión o jurisdicción como elemento de entrada | The Design Methods Group International Conference (1968 : Cambridge, Massachusetts) |
| 9 (RLIN) | 31790 |
| 245 #1 - MENCIÓN DE TÍTULO | |
| Título | Emerging methods in environmental design and planning : |
| Resto del título | Proceedings of the design methods group first international conference, cambridge, massachusetts / |
| Mención de responsabilidad, etc. | editor Gary T. Moore |
| 264 ## - PRODUCCIÓN, PUBLICACIÓN, DISTRIBUCIÓN, FABRICACIÓN Y COPYRIGHT | |
| Nombre del de productor, editor, distribuidor, fabricante | The MIT Press, |
| Fecha de producción, publicación, distribución, fabricación o copyright | c1970 |
| Producción, publicación, distribución, fabricación y copyright | Massachusetts : |
| 300 ## - DESCRIPCIÓN FÍSICA | |
| Extensión | 410 páginas : |
| Otras características físicas | ilustraciones |
| 336 ## - TIPO DE CONTENIDO | |
| Término de tipo de contenido | texto |
| Fuente | rdacontent |
| 337 ## - TIPO DE MEDIO | |
| Nombre/término del tipo de medio | sin medio |
| Fuente | rdamedia |
| 338 ## - TIPO DE SOPORTE | |
| Nombre/término del tipo de soporte | volumen |
| Fuente | rdacarrier |
| 650 ## - PUNTO DE ACCESO ADICIONAL DE MATERIA--TÉRMINO DE MATERIA | |
| Término de materia o nombre geográfico como elemento de entrada | Diseño arquitectónico |
| Subdivisión de forma | Congresos |
| 9 (RLIN) | 31791 |
| 650 ## - PUNTO DE ACCESO ADICIONAL DE MATERIA--TÉRMINO DE MATERIA | |
| Término de materia o nombre geográfico como elemento de entrada | Ingeniería ambiental |
| Subdivisión de forma | Congresos |
| 9 (RLIN) | 31792 |
| 650 ## - PUNTO DE ACCESO ADICIONAL DE MATERIA--TÉRMINO DE MATERIA | |
| Término de materia o nombre geográfico como elemento de entrada | Urbanismo |
| Subdivisión de forma | Congresos |
| 9 (RLIN) | 31793 |
| 700 #1 - PUNTO DE ACCESO ADICIONAL--NOMBRE DE PERSONA | |
| Nombre de persona | Moore, Gary T., |
| Término indicativo de función/relación | editor |
| 9 (RLIN) | 31794 |
| 942 ## - ELEMENTOS DE PUNTO DE ACCESO ADICIONAL (KOHA) | |
| Fuente del sistema de clasificación o colocación | Library of Congress Classification |
| Tipo de ítem Koha | Libros |
No items available.